ბათუმის შოთა რუსთაველის სახელმწიფო უნივერსიტეტის ბიბლიოთეკა

სიამაყე და მცდარი აზრი : [რომანი] (ბიბ.ჩანაწერი № 51532)

000 -LEADER
fixed length control field 00918nam a2200241Ia 4500
001 - CONTROL NUMBER
control field 18522
003 - CONTROL NUMBER IDENTIFIER
control field GE_BSU
008 - FIXED-LENGTH DATA ELEMENTS--GENERAL INFORMATION
fixed length control field 181216s||||||||xx |||||||||||||| ||und||
020 ## - INTERNATIONAL STANDARD BOOK NUMBER
International Standard Book Number ISBN 978-99940-54-22-0
040 ## - CATALOGING SOURCE
Transcribing agency GE_BSU
080 ## - UNIVERSAL DECIMAL CLASSIFICATION NUMBER
Universal Decimal Classification number 821.111-31
100 ## - MAIN ENTRY--PERSONAL NAME
Personal name ოსტინი, ჯეინ
245 ## - TITLE STATEMENT
Title სიამაყე და მცდარი აზრი : [რომანი]
245 ## - TITLE STATEMENT
Statement of responsibility, etc. ინგლ. თარგმნა ანა მაყაშვილმა ; რედ.: გიორგი დარსალია, ირმა არჩუაშვილი ; მხატვ. ნანა ჭილაძე.
260 ## - PUBLICATION, DISTRIBUTION, ETC.
Place of publication, distribution, etc. თბილისი
260 ## - PUBLICATION, DISTRIBUTION, ETC.
Name of publisher, distributor, etc. არეტე
260 ## - PUBLICATION, DISTRIBUTION, ETC.
Date of publication, distribution, etc. 2011
300 ## - PHYSICAL DESCRIPTION
Extent 401გვ;20სმ.
653 ## - INDEX TERM--UNCONTROLLED
Uncontrolled term რომანი
653 ## - INDEX TERM--UNCONTROLLED
Uncontrolled term სიამაყე და მცდარი აზრი
942 ## - ADDED ENTRY ELEMENTS (KOHA)
Koha item type წიგნი
ეგზემპლარები
Withdrawn status Lost status Damaged status Not for loan Date acquired Barcode Date last seen Price effective from Koha item type
        2018-12-17 47905 2018-12-17 2018-12-17 წიგნი
        2018-12-17 47906 2018-12-17 2018-12-17 წიგნი
        2018-12-17 47907 2018-12-17 2018-12-17 წიგნი